Could do more (Record no. 78527)

MARC details
000 -LEADER
fixed length control field 01106cab a22002055a 4500
001 - CONTROL NUMBER
control field L137052
008 - FIXED-LENGTH DATA ELEMENTS--GENERAL INFORMATION
fixed length control field 070312e2007 xxk 000 0 eng d
035 ## - SYSTEM CONTROL NUMBER
System control number (Sirsi) u137052
041 ## - LANGUAGE CODE
Language code of text/sound track or separate title eng
100 1# - MAIN ENTRY--PERSONAL NAME
Personal name Brown, Katy
245 ## - TITLE STATEMENT
Title Could do more
260 ## - PUBLICATION, DISTRIBUTION, ETC.
Date of publication, distribution, etc. 2007
490 #0 - SERIES STATEMENT
Series statement Workplacelaw
Volume/sequential designation (25) March 2007, 8-12(5)
520 ## - SUMMARY, ETC.
Summary, etc. Debates in detail the role of the client under the new Construction (Design and Management) Regulations 2007. Whilst the HSC/HSE claim the new Regulations simply clarify client's duties, others argue that they redefine the duties with clients facing much more responsibility managing health and safety throughout the duration of a construction project. Explains what clients must do/need not do under the new Regulations and discusses whether this is reasonable. Also looks at judging competence under the accompanying Approved Code of Practice.
590 ## - LOCAL NOTE (RLIN)
Local note KA
650 24 - SUBJECT ADDED ENTRY--TOPICAL TERM
Topical term or geographic name entry element CONSTRUCTION (DESIGN AND MANAGEMENT) REGULATIONS 2007
651 #4 - SUBJECT ADDED ENTRY--GEOGRAPHIC NAME
Geographic name GREAT BRITAIN
690 ## - LOCAL SUBJECT ADDED ENTRY--TOPICAL TERM (OCLC, RLIN)
Topical term or geographic name as entry element BUILT ENVIRONMENT-CONSTRUCTION MANAGEMENT-CONSTRUCTION DESIGN AND MANAGEMENT
942 ## - ADDED ENTRY ELEMENTS (KOHA)
Suppress in OPAC 0
Holdings
Withdrawn status Lost status Source of classification or shelving scheme Damaged status Not for loan Home library Current library Shelving location Date acquired Total Checkouts Full call number Barcode Date last seen Copy number Price effective from Koha item type
    Dewey Decimal Classification     London London Journal article 12/03/2007   L137052 137052-1001 06/08/2019 1 06/08/2019 Journal article